[Event "EU-ch U12 Girls"]
[Site "Bratislava"]
[Date "2019.08.10"]
[Round "9"]
[White "Sismeiro, Sofia"]
[Black "Holestiakova, Nina"]
[Result "0-1"]
[WhiteElo "1150"]
[BlackElo "1285"]
[PlyCount "74"]
[EventDate "2019.08.02"]
[EventType "swiss"]
[EventRounds "9"]
[EventCountry "SVK"]
[SourceTitle "EXT 2020"]
[Source "ChessBase"]
[SourceDate "2019.10.17"]
[SourceVersion "1"]
[SourceVersionDate "2019.10.17"]
[SourceQuality "1"]

1. e4 d5 2. exd5 Qxd5 3. Nc3 Qa5 4. Bc4 Nf6 5. d4 c6 6. Nf3 Bf5 7. Bd2 Qc7 8. 0-0 e6 9. Re1 Be7 10. Ne5 0-0 11. Qf3 Nbd7 12. Bf4 Nxe5 13. Bxe5 Qb6 14. Bb3 Nd7 15. Bg3 Rad8 16. Na4 Qa6 17. Qc3 b5 18. Nc5 Nxc5 19. dxc5 Bf6 20. Be5 Bxe5 21. Qxe5 Qb7 22. Re3 Rfe8 23. Rg3 f6 24. Qe3 a5 25. a3 a4 26. Ba2 Qd7 27. Qe2 Qd2 28. Re1 Qxe2 29. Re3 Qxc2 30. h3 Rd1 31. Rxd1 Qxd1+ 32. Kh2 Qf1 33. Rf3 Be4 34. Rg3 Kf7 35. f3 Bf5 36. f4 Qxf4 37. b4 h5 0-1

[Event "EU-ch U12 Girls"]
[Site "Bratislava"]
[Date "2019.08.07"]
[Round "6"]
[White "Holestiakova, Nina"]
[Black "Mosurovic, Milena"]
[Result "0-1"]
[WhiteElo "1285"]
[BlackElo "1445"]
[PlyCount "64"]
[EventDate "2019.08.02"]
[EventType "swiss"]
[EventRounds "9"]
[EventCountry "SVK"]
[SourceTitle "EXT 2020"]
[Source "ChessBase"]
[SourceDate "2019.10.17"]
[SourceVersion "1"]
[SourceVersionDate "2019.10.17"]
[SourceQuality "1"]

1. e4 d5 2. Nc3 d4 3. Nce2 c5 4. d3 Nc6 5. c3 e5 6. Nf3 Bd6 7. g3 Nge7 8. Bg2 0-0 9. 0-0 b6 10. b3 f5 11. Nd2 f4 12. f3 Qe8 13. Nc4 Bc7 14. gxf4 exf4 15. cxd4 cxd4 16. Bb2 Rf6 17. Kf2 Qh5 18. Rh1 Rg6 19. h4 Rh6 20. Rh2 Bd7 21. Qh1 Rf8 22. Nxd4 Qc5 23. Kf1 Nxd4 24. Ba3 Qc6 25. Bxe7 Re8 26. Ba3 b5 27. Qg1 Nc2 28. Rc1 Nxa3 29. Qd4 bxc4 30. bxc4 Bb6 31. Qc3 Qc5 32. Rd1 Qf2# 0-1

[Event "EU Union-ch U10"]
[Site "Kouty nad Desnou"]
[Date "2018.08.14"]
[Round "8"]
[White "Holestiakova, Nina"]
[Black "Sosovickova, Martina"]
[Result "0-1"]
[WhiteElo "1100"]
[BlackElo "1100"]
[PlyCount "36"]
[EventDate "2018.08.07"]
[EventType "swiss"]
[EventRounds "9"]
[EventCountry "CZE"]
[SourceTitle "CBM 186 Extra"]
[Source "ChessBase"]
[SourceDate "2018.08.24"]
[SourceVersion "1"]
[SourceVersionDate "2018.08.24"]
[SourceQuality "1"]

1. e4 e5 2. Nf3 Nc6 3. d4 exd4 4. Bc4 Nf6 5. 0-0 d5 6. exd5 Nxd5 7. Bd3 Bc5 8. Re1+ Nce7 9. b3 0-0 10. Bb2 Bg4 11. h3 Bh5 12. Nbd2 Nc6 13. Be2 Re8 14. Nf1 Bb4 15. N1d2 Bc3 16. Qc1 Bxf3 17. gxf3 Qg5+ 18. Kh2 Bxd2 0-1

[Event "EU Union-ch U10"]
[Site "Kouty nad Desnou"]
[Date "2018.08.10"]
[Round "4"]
[White "Holestiakova, Nina"]
[Black "Toth, Timea2222"]
[Result "0-1"]
[WhiteElo "1100"]
[BlackElo "1071"]
[PlyCount "58"]
[EventDate "2018.08.07"]
[EventType "swiss"]
[EventRounds "9"]
[EventCountry "CZE"]
[SourceTitle "CBM 186 Extra"]
[Source "ChessBase"]
[SourceDate "2018.08.24"]
[SourceVersion "1"]
[SourceVersionDate "2018.08.24"]
[SourceQuality "1"]

1. e4 c5 2. Nc3 Nc6 3. g3 d6 4. Bg2 g6 5. d3 Bg7 6. Be3 Nf6 7. Qd2 Ng4 8. h3 Nxe3 9. Qxe3 Nd4 10. Qd2 Qb6 11. Nd1 Nc6 12. Rb1 0-0 13. Ne2 Be6 14. b3 c4 15. dxc4 Bxc4 16. 0-0 Qb5 17. Re1 Bxe2 18. Rxe2 Qc5 19. c4 Nd4 20. Re1 Rab8 21. Ne3 b5 22. cxb5 Nxb5 23. Red1 Nc3 24. Rbc1 Qd4 25. Qxd4 Bxd4 26. Rd2 Rbc8 27. Rcc2 Bxe3 28. fxe3 Rc7 29. Rc1 Ne2+ 0-1

[Event "SVK-ch U10 Girls"]
[Site "Liptovsky Mikulas"]
[Date "2018.04.23"]
[Round "4"]
[White "Sosovickova, Martina"]
[Black "Holestiakova, Nina"]
[Result "0-1"]
[WhiteElo "1169"]
[BlackElo "1039"]
[PlyCount "178"]
[EventDate "2018.04.21"]
[EventType "swiss"]
[EventRounds "9"]
[EventCountry "SVK"]
[SourceTitle "CBM 184 Extra"]
[Source "ChessBase"]
[SourceDate "2018.06.28"]
[SourceVersion "1"]
[SourceVersionDate "2018.06.28"]
[SourceQuality "1"]

1. e4 e5 2. Nf3 Nc6 3. Bc4 Bc5 4. d3 d6 5. h3 Nf6 6. Bg5 h6 7. Bh4 0-0 8. 0-0 Be6 9. Bb3 Qd7 10. Bxe6 Qxe6 11. Nc3 Ne7 12. Bg3 Ng6 13. Qd2 Nh5 14. Kh1 c6 15. Ne2 Rad8 16. a3 Bb6 17. Rad1 f5 18. Bh2 f4 19. c3 Nf6 20. Bg1 a5 21. Rfe1 Qe7 22. Qc2 Kh7 23. d4 Kh8 24. dxe5 dxe5 25. g3 Qe6 26. Kh2 Kh7 27. Nd2 Bc7 28. Nf3 Nh5 29. g4 Nf6 30. Nd2 Nh4 31. b3 f3 32. Ng3 Ng2 33. Nxf3 Nxe1 34. Rxe1 Qe7 35. Ra1 Nd7 36. Nd2 Bb6 37. Nc4 Qf6 38. Ra2 Ra8 39. Qd2 Qe7 40. Nf5 Qe6 41. Ng3 Bc7 42. Kg2 Nf6 43. f3 a4 44. Qe2 axb3 45. Rb2 b5 46. Nd2 Rxa3 47. Bc5 Rfa8 48. Bxa3 Rxa3 49. c4 bxc4 50. Nxc4 Nd7 51. Nxa3 Bd6 52. Nc4 Bc5 53. Qd3 Bd4 54. Rxb3 Nc5 55. Qc2 Nxb3 56. Qxb3 Qg8 57. Qc2 Qa8 58. Ne2 Qa6 59. Nxd4 exd4 60. Ne5 Qb5 61. Nd7 d3 62. Qd2 c5 63. Ne5 c4 64. Nxd3 cxd3 65. Kf1 Qb1+ 66. Qe1 Qc2 67. g5 d2 68. g6+ Kg8 69. Qe2 d1Q+ 70. Qxd1 Qxd1+ 71. Kf2 Qd6 72. Ke3 Qxg6 73. Kd4 Qg3 74. Ke3 Qxh3 75. Kf4 g5+ 76. Ke3 g4 77. Kf4 Qxf3+ 78. Ke5 g3 79. Kd4 Qe2 80. Ke5 g2 81. Kd5 g1Q 82. Ke5 Qgg4 83. Kd5 Qgxe4+ 84. Kd6 Qd2+ 85. Kc5 Qdd5+ 86. Kb6 Qb1+ 87. Kc7 Qc2+ 88. Kb6 Qdb3+ 89. Ka6 Qca2# 0-1

[Event "Liptovsky Mikulas V4 U11 op"]
[Site "Liptovsky Mikulas"]
[Date "2017.06.25"]
[Round "8"]
[White "Compel, Daniel"]
[Black "Holestiakova, Nina"]
[Result "1-0"]
[WhiteElo "1384"]
[BlackElo "1043"]
[PlyCount "39"]
[EventDate "2017.06.22"]
[EventType "swiss"]
[EventRounds "9"]
[EventCountry "SVK"]
[SourceTitle "CBM 179 Extra"]
[Source "ChessBase"]
[SourceDate "2017.08.23"]
[SourceVersion "1"]
[SourceVersionDate "2017.08.23"]
[SourceQuality "1"]

1. e4 e5 2. Nf3 Nc6 3. Bc4 Bc5 4. 0-0 Nf6 5. d3 h6 6. c3 0-0 7. Bb3 d6 8. Nbd2 Bg4 9. h3 Bh5 10. Re1 Bg6 11. Nf1 Kh8 12. Ng3 Qe7 13. Bd2 Bb6 14. Nh4 Rad8 15. Nhf5 Bxf5 16. Nxf5 Qd7 17. Qc1 Kh7 18. Bxh6 gxh6 19. Qxh6+ Kg8 20. Qg7# 1-0

[Event "Liptovsky Mikulas V4 U11 op"]
[Site "Liptovsky Mikulas"]
[Date "2017.06.23"]
[Round "5"]
[White "Holestiakova, Nina"]
[Black "Juracak, David"]
[Result "1-0"]
[WhiteElo "1043"]
[BlackElo "1231"]
[PlyCount "70"]
[EventDate "2017.06.22"]
[EventType "swiss"]
[EventRounds "9"]
[EventCountry "SVK"]
[SourceTitle "CBM 179 Extra"]
[Source "ChessBase"]
[SourceDate "2017.08.23"]
[SourceVersion "1"]
[SourceVersionDate "2017.08.23"]
[SourceQuality "1"]

1. e4 e5 2. Nf3 Nc6 3. Bc4 Nf6 4. d3 Bc5 5. Bg5 d6 6. Nbd2 h6 7. Be3 0-0 8. 0-0 Bg4 9. h3 Bh5 10. Bxc5 dxc5 11. Qe2 Nd4 12. Qd1 Nh7 13. c3 Ne6 14. Kh1 Qf6 15. Qe2 Qg6 16. Qe3 Nhg5 17. Nh4 Qf6 18. Bxe6 Nxe6 19. Nhf3 Qg6 20. Nh4 Qf6 21. Nhf3 Qg6 22. Rad1 Qf6 23. Rde1 Kh7 24. a3 Rh8 25. Kg1 Qg6 26. Nxe5 Qf6 27. Nef3 Nf4 28. Kh1 Ne6 29. e5 Qe7 30. Qe4+ Kg8 31. Qxb7 Ng5 32. Qxa8+ Kh7 33. Qd5 Rd8 34. Qc4 Qd7 35. Nxg5+ Kg8 1-0

[Event "Liptovsky Mikulas V4 U11 op"]
[Site "Liptovsky Mikulas"]
[Date "2017.06.23"]
[Round "4"]
[White "Holestiakova, Nina"]
[Black "Rosen, Noa"]
[Result "1-0"]
[WhiteElo "1043"]
[BlackElo "1000"]
[PlyCount "49"]
[EventDate "2017.06.22"]
[EventType "swiss"]
[EventRounds "9"]
[EventCountry "SVK"]
[SourceTitle "CBM 179 Extra"]
[Source "ChessBase"]
[SourceDate "2017.08.23"]
[SourceVersion "1"]
[SourceVersionDate "2017.08.23"]
[SourceQuality "1"]

1. e4 d5 2. exd5 c6 3. Nc3 e5 4. Qf3 Bc5 5. Bc4 Qh4 6. g3 Kf8 7. gxh4 Nf6 8. dxc6 Nxc6 9. d3 Bg4 10. Qg2 Nd4 11. Bb3 Nxb3 12. axb3 Re8 13. Bg5 e4 14. Bxf6 exd3+ 15. Kd2 dxc2 16. Kxc2 Bf5+ 17. Kc1 Rg8 18. Bg5 Re1+ 19. Nd1 Be4 20. Nf3 Rxh1 21. Qxh1 Bxf2 22. Nxf2 f6 23. Bf4 Ke7 24. Nxe4 Rc8+ 25. Kd1 1-0

[Event "SVK-ch U10 Girls"]
[Site "Liptovsky Mikulas"]
[Date "2017.04.23"]
[Round "3"]
[White "Holestiakova, Nina"]
[Black "Kapolkova, Greta"]
[Result "1-0"]
[WhiteElo "1117"]
[BlackElo "1000"]
[PlyCount "83"]
[EventDate "2017.04.22"]
[EventType "swiss"]
[EventRounds "9"]
[EventCountry "SVK"]
[SourceTitle "CBM 178 Extra"]
[Source "ChessBase"]
[SourceDate "2017.06.22"]
[SourceVersion "1"]
[SourceVersionDate "2017.06.22"]
[SourceQuality "1"]

1. e4 e5 2. Nf3 Nc6 3. Bc4 Nf6 4. d3 Bc5 5. 0-0 Nd4 6. Nxe5 d6 7. Nf3 Bg4 8. c3 Nxf3+ 9. gxf3 Bh3 10. Re1 Qd7 11. Kh1 0-0-0 12. Re2 Rhg8 13. a4 g5 14. b4 Bxb4 15. cxb4 g4 16. Re1 gxf3 17. Qxf3 Qg4 18. Qxg4+ Rxg4 19. Bxf7 Rf8 20. Be6+ Nd7 21. Bxg4 Bxg4 22. Rf1 Rg8 23. h3 Bf3+ 24. Kh2 Rg2+ 25. Kh1 Rxf2+ 26. Kg1 Rg2+ 27. Kh1 Rg3+ 28. Kh2 Rg6 29. Rxf3 Ne5 30. Rf8+ Kd7 31. Bb2 Nf3+ 32. Rxf3 h5 33. e5 dxe5 34. Bxe5 Rg5 35. Bg3 Rg7 36. Nc3 Rh7 37. Bh4 Ke6 38. Re1+ Kd7 39. Rf4 Kc8 40. Rd4 Rd7 41. Re8+ Rd8 42. Rdxd8# 1-0

[Event "Pobeskydy U09 op"]
[Site "Frydek Mistek"]
[Date "2017.04.14"]
[Round "4"]
[White "Buchta, Bartolomej"]
[Black "Holestiakova, Nina"]
[Result "1-0"]
[WhiteElo "1195"]
[BlackElo "1117"]
[PlyCount "27"]
[EventDate "2017.04.13"]
[EventType "swiss"]
[EventRounds "8"]
[EventCountry "CZE"]
[SourceTitle "EXT 2018"]
[Source "ChessBase"]
[SourceDate "2017.10.13"]
[SourceVersion "1"]
[SourceVersionDate "2017.10.13"]
[SourceQuality "1"]

1. e4 e5 2. Nf3 Nc6 3. Bc4 Bc5 4. c3 Nf6 5. d4 exd4 6. cxd4 Be7 7. Ng5 0-0 8. e5 Ne8 9. Qh5 h6 10. Nxf7 Bb4+ 11. Nc3 Bxc3+ 12. bxc3 Qe7 13. Nxh6+ Kh8 14. Nf5# 1-0

[Event "SVK-ch U08 Girls"]
[Site "Tatralandia"]
[Date "2015.04.19"]
[Round "2"]
[White "Holestiakova, Nina"]
[Black "Sosovickova, Martina"]
[Result "0-1"]
[WhiteElo "1000"]
[BlackElo "1000"]
[PlyCount "112"]
[EventDate "2015.04.18"]
[EventType "tourn"]
[EventRounds "7"]
[EventCountry "SVK"]
[SourceTitle "CBM 166 Extra"]
[Source "ChessBase"]
[SourceDate "2015.06.18"]
[SourceVersion "1"]
[SourceVersionDate "2015.06.18"]
[SourceQuality "1"]

1. e4 e5 2. Nf3 Nc6 3. Nc3 Nf6 4. Bc4 d5 5. exd5 Na5 6. Nxe5 Nxc4 7. Nxc4 Qe7+ 8. Kf1 Ng4 9. d3 Qf6 10. f3 Ne5 11. d4 Nxc4 12. Qe1+ Be7 13. b3 Nb6 14. Qe4 Bf5 15. Qe3 Bg4 16. Ba3 Nc8 17. d6 cxd6 18. Nd5 Qh6 19. Qe2 Be6 20. Nc7+ Kd8 21. Nb5 a6 22. Nc3 d5 23. b4 a5 24. Qb5 Nd6 25. bxa5 Nxb5 26. Nxb5 Rxa5 27. Nc3 Rxa3 28. Nb5 Ra5 29. Nc3 Bb4 30. Ne2 Bd7 31. Rb1 Bb5 32. Rxb4 Bxe2+ 33. Kg1 Qd2 34. Kf2 Qxb4 35. Kxe2 Re8+ 36. Kf2 Rxa2 37. Kg3 Re1 38. Rxe1 Qxe1+ 39. Kh3 Qe6+ 40. Kg3 Qe3 41. Kg4 Qxd4+ 42. Kf5 Qf6+ 43. Kg4 Qxf3+ 44. gxf3 Rxc2 45. Kg3 b5 46. f4 b4 47. f5 g6 48. f6 b3 49. Kg4 b2 50. Kg5 b1R 51. Kh6 Rxh2+ 52. Kg7 Rb7 53. Kg8 Rb8 54. Kg7 h6 55. Kxf7 Rb7+ 56. Kxg6 Rg2+ 0-1